| 000 | 00607nam a22002171 4500 | ||
|---|---|---|---|
| 001 | 755387 | ||
| 005 | 20180122092410.0 | ||
| 008 | 740606s1967 nyuabc b 000 0 eng | ||
| 010 | _a 67023025 | ||
| 040 |
_aDLC _cDLC _dDLC |
||
| 041 | _aeng | ||
| 043 | _an-us--- | ||
| 080 | _a917.6 LAW | ||
| 082 | 0 | 0 | _a917.6 LAW |
| 100 | 1 | _a42 | |
| 101 | _aGJE | ||
| 245 | 1 | 4 |
_aThe South Central States: Arkansas, Louisiana, Oklahoma, Texas, _cby Lawrence Goodwyn and the editors of Time-Life Books. |
| 504 | _aBibliography: p. 188. | ||
| 906 |
_a7 _bcbc _corignew _du _eocip _f19 _gy-gencatlg |
||
| 942 |
_2ddc _cBK |
||
| 999 |
_c40690 _d40690 |
||